Тепломассообмен: учебное пособие

Podrobná bibliografie
Hlavní autor: Кудинов А. А. Анатолий Александрович
Shrnutí:Рассмотрены основы теории переноса теплоты теплопроводностью, конвекцией и радиацией, а также тепло- и массообмена при фазовых превращениях. Изложена теория подобия процессов конвективного теплообмена, освещены вопросы теплопередачи и теплового, и гидромеханического расчетов теплообменных аппаратов рекуперативного, регенеративного и смесительного типов. Составлено в соответствии с программой курса "Тепломассообмен" для студентов направления 140100 "Теплоэнергетика и теплотехника" высших учебных заведений. Может быть использовано студентами других теплотехнических специальностей.
Jazyk:ruština
Vydáno: Москва, Инфра-М, 2015
Edice:Высшее образование. Бакалавриат
Témata:
Médium: MixedMaterials Kniha
KOHA link:https://koha.lib.tpu.ru/cgi-bin/koha/opac-detail.pl?biblionumber=290881

MARC

LEADER 00000nam0a2200000 4500
001 290881
005 20231102000331.0
010 |a 9785160110936 
035 |a (RuTPU)RU\TPU\book\315439 
035 |a RU\TPU\book\223609 
090 |a 290881 
100 |a 20111207d2015 m y0rusy50 ca 
101 0 |a rus 
102 |a RU 
105 |a a j 001zy 
200 1 |a Тепломассообмен  |e учебное пособие  |f А. А. Кудинов 
210 |a Москва  |c Инфра-М  |d 2015 
215 |a 374 с.  |c ил. 
225 1 |a Высшее образование. Бакалавриат 
320 |a Библиогр.: с. 356-359. 
330 |a Рассмотрены основы теории переноса теплоты теплопроводностью, конвекцией и радиацией, а также тепло- и массообмена при фазовых превращениях. Изложена теория подобия процессов конвективного теплообмена, освещены вопросы теплопередачи и теплового, и гидромеханического расчетов теплообменных аппаратов рекуперативного, регенеративного и смесительного типов. Составлено в соответствии с программой курса "Тепломассообмен" для студентов направления 140100 "Теплоэнергетика и теплотехника" высших учебных заведений. Может быть использовано студентами других теплотехнических специальностей. 
606 1 |a Тепломассообмен  |x (физика)  |2 stltpush  |3 (RuTPU)RU\TPU\subj\58920  |9 76603 
610 1 |a теплопроводность 
610 1 |a нестационарная теплопроводность 
610 1 |a задачи 
610 1 |a аналитические решения 
610 1 |a численные методы 
610 1 |a конвективный теплообмен 
610 1 |a однородные среды 
610 1 |a теплоотдача 
610 1 |a жидкость 
610 1 |a вынужденное движение 
610 1 |a свободное движение 
610 1 |a тепловое излучение 
610 1 |a сложный теплообмен 
610 1 |a теплопередача 
610 1 |a теплообменные аппараты 
610 1 |a фазовые превращения 
610 1 |a массообмен 
610 1 |a пар 
610 1 |a конденсация 
610 1 |a кипение 
610 1 |a двухкомпонентные среды 
610 1 |a учебные пособия 
675 |a 536.2(075.8)  |v 3 
700 1 |a Кудинов  |b А. А.  |g Анатолий Александрович 
801 1 |a RU  |b 63413507  |c 20150409 
801 2 |a RU  |b 63413507  |c 20160217  |g RCR 
900 |a Тепломассообмен 
942 |c BK 
951 |l 8.1 
959 |a 34/20150406  |d 10  |e 690,00  |f ЧЗТЛ:1  |f УФ:9 
959 |a 142/20151117  |d 10  |e 690,00  |f ЧЗТЛ:1  |f УФ:9